<?xml version='1.0' encoding='UTF-8'?>
  <record xmlns="http://www.loc.gov/MARC21/slim">
    <leader>00000cam a22000007i 4500</leader>
    <controlfield tag="001">ocm65940056</controlfield>
    <controlfield tag="003">OCoLC</controlfield>
    <controlfield tag="005">20250211094157.1</controlfield>
    <controlfield tag="008">050619s1592    gw            000 p ger d</controlfield>
    <datafield tag="040" ind1=" " ind2=" ">
      <subfield code="a">NLGGC</subfield>
      <subfield code="b">eng</subfield>
      <subfield code="e">rda</subfield>
      <subfield code="e">dcrmb</subfield>
      <subfield code="c">NLGGC</subfield>
      <subfield code="d">QGJ</subfield>
      <subfield code="d">OCLCA</subfield>
      <subfield code="d">OCLCO</subfield>
      <subfield code="d">QGJ</subfield>
      <subfield code="d">OCLCL</subfield>
      <subfield code="d">QGJ</subfield>
    </datafield>
    <datafield tag="029" ind1="0" ind2=" ">
      <subfield code="a">NLGGC</subfield>
      <subfield code="b">27856416X</subfield>
    </datafield>
    <datafield tag="035" ind1=" " ind2=" ">
      <subfield code="a">(OCoLC)65940056</subfield>
    </datafield>
    <datafield tag="100" ind1="1" ind2=" ">
      <subfield code="a">Serleius, Gratianus,</subfield>
      <subfield code="d">1543-1622,</subfield>
      <subfield code="e">author.</subfield>
      <subfield code="4">aut</subfield>
      <subfield code="1">https://id.oclc.org/worldcat/entity/E39PCjC43JtbYDJV7JgKykQT9C</subfield>
    </datafield>
    <datafield tag="245" ind1="1" ind2="0">
      <subfield code="a">Acht Kuntschafften wider Samuel Hubers altneuw Schmähbuch jüngst außgegangen, darauß gruntlich erwieseu, daß die drey Theologischen Gesandten von den dreyen Stetten, Zürich, Basel vnnd Schaffhausen, einem Erbarn Radt zu Bern, wegen gedachts Hubers, einen waarhafften, auffrichtigen, vnnd redlichen Fürtrag gethan, Anno 88. /</subfield>
      <subfield code="c">Gedicht durch Gratianvm Serleivm.</subfield>
    </datafield>
    <datafield tag="264" ind1=" " ind2="1">
      <subfield code="a">Getruckt zu Weinberg am Hartzwald, :</subfield>
      <subfield code="b">[publisher not identified],</subfield>
      <subfield code="c">Anno 1592.</subfield>
    </datafield>
    <datafield tag="300" ind1=" " ind2=" ">
      <subfield code="a">[16] leaves ;</subfield>
      <subfield code="c">17 cm (8vo)</subfield>
    </datafield>
    <datafield tag="336" ind1=" " ind2=" ">
      <subfield code="a">text</subfield>
      <subfield code="b">txt</subfield>
      <subfield code="2">rdacontent</subfield>
    </datafield>
    <datafield tag="337" ind1=" " ind2=" ">
      <subfield code="a">unmediated</subfield>
      <subfield code="b">n</subfield>
      <subfield code="2">rdamedia</subfield>
    </datafield>
    <datafield tag="338" ind1=" " ind2=" ">
      <subfield code="a">volume</subfield>
      <subfield code="b">nc</subfield>
      <subfield code="2">rdacarrier</subfield>
    </datafield>
    <datafield tag="340" ind1=" " ind2=" ">
      <subfield code="m">8vo</subfield>
      <subfield code="2">rdabf</subfield>
    </datafield>
    <datafield tag="500" ind1=" " ind2=" ">
      <subfield code="a">Fictitious place of publication.</subfield>
    </datafield>
    <datafield tag="500" ind1=" " ind2=" ">
      <subfield code="a">Signatures: A-B⁸.</subfield>
    </datafield>
    <datafield tag="510" ind1="4" ind2=" ">
      <subfield code="a">Verzeichnis der im deutschen Sprachbereich erschienenen Drucke des 16. Jahrhunderts (VD 16),</subfield>
      <subfield code="c">J 242</subfield>
      <subfield code="u">https://gateway-bayern.de/VD16+J+242</subfield>
    </datafield>
    <datafield tag="600" ind1="1" ind2="0">
      <subfield code="a">Huber, Samuel,</subfield>
      <subfield code="d">1547-1624.</subfield>
      <subfield code="t">Gründtliche Antwort auff den unwarhafften Gegenbericht ettlicher schweitzerischen Theologen.</subfield>
    </datafield>
    <datafield tag="752" ind1=" " ind2=" ">
      <subfield code="a">Germany,</subfield>
      <subfield code="e">publication place.</subfield>
      <subfield code="4">pup</subfield>
    </datafield>
    <datafield tag="758" ind1=" " ind2=" ">
      <subfield code="i">has work:</subfield>
      <subfield code="a">Acht Kuntschafften wider Samuel Hubers altneuw Schmähbuch jüngst außgegangen, darauß gruntlich erwieseu, daß die drey Theologischen Gesandten von den dreyen Stetten, Zürich, Basel vnnd Schaffhausen, einem Erbarn Radt zu Bern, wegen gedachts Hubers, einen waarhafften, auffrichtigen, vnnd redlichen Fürtrag gethan, Anno 88 (Text)</subfield>
      <subfield code="1">https://id.oclc.org/worldcat/entity/E39PCGt76w63hYgvq4WHjBhJpd</subfield>
      <subfield code="4">https://id.oclc.org/worldcat/ontology/hasWork</subfield>
    </datafield>
  </record>